| 000 | 00362cam a2200145 4500 | ||
|---|---|---|---|
| 008 | 050208n2008 000 0 eng u | ||
| 020 | _a1405111712 | ||
| 035 | _a(Sirsi) u128730 | ||
| 100 | _aForsyth | ||
| 245 | _aHistoric building conservation II | ||
| 260 |
_aBlackwells _c2008 |
||
| 350 | _a42.50 | ||
| 520 | _aDue to be published June 2008 | ||
| 942 | _n0 | ||
| 999 |
_c103999 _d103999 |
||